| 000 | 00650nam a2200205Ia 4500 | ||
|---|---|---|---|
| 005 | 20260121110356.0 | ||
| 008 | 008 260114s9999 xx 000 0 hin d | ||
| 020 | _a9788132349181 | ||
| 037 | _aEBOOK | ||
| 040 |
_aCRL _bhin _cCRL |
||
| 041 |
_ahin _2hin |
||
| 084 | _qCRL | ||
| 100 |
_aप्रशांत कुमार / Prashant Kumar _9945409 |
||
| 245 | 0 | _aथॅामस अल्वा एडिसन / Thomas Alva Edison | |
| 260 |
_bभाषा प्रकाशन / Bhasha Prakashan _c2020 |
||
| 856 | _uhttps://bhashaprakashan.com/product-details/378170 | ||
| 942 | _cEBOOK | ||
| 999 |
_c1537073 _d1537073 |
||